000
00479nam a2200169Ia 4500
008
090124s9999 xx 000 0 und d
082
_b
102843
100
_a
बांदेकर दत्तु
245
_a
अमृतवाणी
250
_a
1
300
_a
99
600
_a
बांदेकर दत्तु
630
_a
अमृतवाणी
700
_a
बांदेकर दत्तु
730
_a
अमृतवाणी
942
_c
BOOK
999
_c
148935
_d
148935